Quizzes
Events
Quiz Creation
Community
Videos
Private Events
Remove Ads
Sign In
Join for FREE
Feedback
Dark Mode
Quiz Categories
Sports
Geography
Music
Movies
Television
Just For Fun
Miscellaneous
History
Literature
Language
Science
Gaming
Entertainment
Religion
Holiday
For Kids
Quiz Lab
Recent
Popular Today
Quiz Kudos Today
Editor Picks
Curator Picks
Quizzes by...
Day
Popularity
Type
Ratings
Length
Year
Community
Subscriptions
Recent Discussions
Orange Saloon
Badges
Playlists
Quests
Create
Leaderboards
Showdown
Live 5
Trivia Bingo
Activity
Puzzle Library
Sporcle Events
Private Events
Virtual Trivia
Globe League
Become a Host
Pub Owners
SporcleCon
Opinionation
Our Games
Videos
Blog
Mobile Apps
Partnerships
Remove Ads and Go Orange
Feedback
Movies
Disney
Marvel Cinematic Universe
Movie Resume
Movie Titles
Oscar
Actor
Actress
Director
Pixar
Role
Movie Quotes
Movie Characters
Box Office
Nominee
Best Picture
Star Wars
James Bond
Horror Movies
Movies
Disney
Marvel Cinematic Universe
Movie Resume
Movie Titles
Oscar
Actor
Actress
Director
Pixar
Role
Movie Quotes
Movie Characters
Box Office
Nominee
Best Picture
Star Wars
James Bond
Horror Movies
Random Quiz
Search Sporcle
×
Quiz Lab
Quiz Lab
Movies
Nintendo
Type in answers that appear in a list
Type in answers that appear in a list
Classic
Best Score? Go Orange.
Can you guess the lines of a scene (2) from Lion King ? Stats
Can you name the lines of a 2nd scene from Lion King? (Part 2)?
By
tgov2217
15m
298 Questions
589 Plays
589 Plays
589 Plays
Comments
Comments
Give Quiz Kudos
Give Quiz Kudos
-
- Ratings
hide this ad
More Info
Replay
Link that replays current quiz
Next Quiz
Link to next quiz in quiz playlist
You Got
0%
They Got
Avg Score
54%
Avg Friend Score
Upgrade to see
Score Distribution
Jump to the score distribution portion of the page
Score
0/298
Timer
15:00
0
Plays Today
% Correct
the
82.9%
and
82.9%
The
82.9%
a
82.9%
a
82.9%
and
82.9%
a
82.9%
the
82.9%
and
82.9%
a
82.9%
And
82.9%
the
82.9%
and
82.9%
the
82.9%
You
80.1%
You
80.1%
you
80.1%
you
80.1%
you?
80.1%
you?
80.1%
you
80.1%
you
80.1%
you
80.1%
you
80.1%
You
80.1%
you
80.1%
you.
80.1%
You
80.1%
you
80.1%
You
80.1%
you.
80.1%
you
80.1%
You
80.1%
you
80.1%
you
80.1%
you
80.1%
You
80.1%
you
80.1%
Simba.
73.5%
Simba
73.5%
Simba
73.5%
he
70.1%
He
70.1%
he
70.1%
he
70.1%
are
68.9%
are
68.9%
are,
68.9%
are.
68.9%
are
68.9%
are
68.9%
are.
68.9%
is
67.4%
is
67.4%
is
67.4%
is
67.4%
it
66.7%
it
66.7%
it
66.7%
it
66.7%
it
66.7%
It
66.7%
me
66.4%
me.
66.4%
me
66.4%
me.
66.4%
me.
66.4%
No,
65.7%
No
65.7%
in
65.2%
in
65.2%
can
65.2%
be
64.9%
be.
64.9%
to
64.7%
to
64.7%
to
64.7%
to
64.7%
on
64.2%
on!
64.2%
on!
64.2%
do
64%
We
63.2%
we
63.2%
We
63.2%
we
63.2%
your
62.1%
your
62.1%
your
62.1%
your
62.1%
your
62.1%
your
62.1%
What
61.8%
what
61.8%
what
61.8%
go
60.6%
go
60.6%
go
60.6%
my
60.1%
my
60.1%
% Correct
who
60.1%
who
60.1%
who
60.1%
who
60.1%
who
60.1%
my
60.1%
my
60.1%
my
60.1%
who
60.1%
who
60.1%
who
60.1%
I
59.9%
not
59.9%
I
59.9%
I
59.9%
not
59.9%
I
59.9%
not.
59.9%
I
59.9%
not
59.9%
I
59.9%
I
59.9%
I
59.9%
not
59.9%
I?
59.9%
I
59.9%
not
59.9%
I
59.9%
for
59.8%
of
59.8%
so
59.8%
so
59.8%
of
59.8%
that
58.6%
know
58.4%
know?
58.4%
know
58.4%
Im
57.9%
I'm
57.9%
I'm
57.9%
Im
57.9%
father?
57.4%
father.
57.4%
father
57.4%
Father?
57.4%
but
56.9%
but
56.9%
see
56.4%
there
56.2%
there.
56.2%
can't
55.7%
cant
55.7%
Cant
55.7%
have
55.3%
have
55.3%
have
55.3%
lives
54.8%
Look
54.7%
look
54.7%
Look
54.7%
how
54%
How
54%
its
53.8%
Its
53.8%
Its
53.8%
its
53.8%
one
53%
dont
52.5%
back.
52.1%
back.
52.1%
back
52.1%
knew
51.4%
knew
51.4%
just
51.1%
this
50.8%
Come
49.6%
come
49.6%
Come
49.6%
Come
49.6%
past.
49.4%
mean
48.9%
Rafiki
48.9%
said
48.7%
forgotten
48.4%
forgotten
48.4%
forgotten
48.4%
always
48.2%
could
48%
baboon
47.7%
reflection.
47.5%
will
47.4%
Will
47.4%
time
47.4%
life.
47.4%
tell
47.2%
Thats
47.2%
thats
47.2%
long
46.9%
Remember
46.9%
you'd
46.7%
% Correct
him
46.7%
way.
46.7%
wrong
46.3%
think
46.3%
Wrong!
46.3%
wrong
46.3%
died
46.2%
alive!
46%
question
45.8%
means
45.5%
ago.
45.3%
Ill
45.3%
show
45.3%
follow
45.2%
suppose
44.8%
suppose
44.8%
Mufasa's
44.7%
boy.
44.5%
now
44.3%
Wait!
44.3%
wait!
44.3%
again!
44.1%
down.
43.8%
down
43.8%
Correction
43.5%
sure.
43.1%
Sure
43.1%
stop
43%
STOP.
43%
because
42.4%
knows
42.4%
used
42.4%
fault
42.1%
fault.
42.1%
change
41.9%
change
41.9%
little
41.9%
circle
41.9%
banana!
41.8%
Banana
41.8%
out!?
41.4%
out
41.4%
harder.
41.4%
would
41.3%
hate
41.3%
Would
41.3%
must
40.7%
at
40.4%
Squash
40.1%
thought
40.1%
Squash
40.1%
even
39.9%
yourself
39.9%
take
39.9%
She's
39.6%
here
39.6%
Oh,
39.6%
place
39.4%
right
38.7%
confused.
38.4%
confused
38.4%
become.
38.2%
cut
38%
cut
38%
old
37.7%
wont
37.5%
up!
37.4%
slow
36.8%
more
36.5%
then
36.5%
Nope,
36.2%
Well
35.7%
anyway
35%
monkey.
35%
anyway?
35%
Hey!
35%
anything.
34.8%
sana!
33.8%
sana!
33.8%
sana!
33.8%
Bye.
32.6%
Asante
32.1%
Asante
32.1%
mi
31.4%
mi
31.4%
mi
31.4%
mi
31.4%
secret..
30.9%
following
28.4%
Hurry
27.3%
prove
24.3%
Creepy
19%
nugu!
16.8%
nugu!
16.8%
already
14.3%
Enough
13.9%
apana!
11.9%
Wow
7.5%
Quiz Playlist
Details
Report
Send in Message
Add To Playlist
More Info:
This scene starts when Simba just finished talking to Nala, and he stormed off. He also meets Rafiki!
Classic:
Type in answers that appear in a list
Last Updated: Feb 16, 2017
Quiz Scoreboard
CHALLENGE
Sign Up to Join the Scoreboard
Show All
Scores
Hide
Comments
May contain spoilers
Recently Published
Alphabetical 'K' Countries by Flag Minefield
by ylime102
Geography
3m
Pick 6: Fruits
by JohnFran
Miscellaneous
15s
Click the 1999 NBA Draft
by nibperrychub
Sports
2m
More to Explore
Quiz From the Vault
Featured Blog Post
15 Basketball Trivia Facts You Can Be March Mad About
hide this ad
You Might Also Like...
Tags
Nintendo Quiz
2nd
King
lion
scene
The Lion King
Today's Top Quizzes in Movies
Browse Movies
hide this ad
Today's Top Quizzes in Nintendo
Browse Nintendo
Top Contributed Quizzes in Movies
1
Pick 6: Harry Potter
2
Pick 6: Movie Franchises
3
Pick 6: Actors
4
Pick 6: Actresses
5
Pick 6: Disney Princesses
6
Match The President To The Fictional Crisis
7
Movies of the Seasons
8
Harry Potter Logic Puzzle
9
Seasonal Films
10
10 Quentin Tarantino Movies in Order
Explore More
Trending Topics
Marvel
NBA
Crossword
Disney
Anime
Harry Potter
Kpop
NFL
Soccer
Country
Puzzle
Pokémon
Song
WWE
The Office
hide this ad
More By:
tgov2217
Quiz
Plays
Rating
Category
Featured
Created
Disney Movie Quotes
167,314
4.47
Movies
Apr 8, 2012
Disney Movie Quotes II
110,316
4.38
Movies
Apr 16, 2012
Disney Movie Quotes III
86,082
4.14
Movies
May 2, 2012
Follow That Line: Mulan
33,776
4.37
Movies
Dec 6, 2012
Follow that line: Once upon a time (season 2)
5,801
3.50
Television
Dec 20, 2012
Go to Creator's Profile
Score Distribution
Quiz Creator Spotlight
tgov2217
Follow
Send a Message
Quizzes Created
-
Created Quiz Play Count
-
More By This Creator
Popular Quizzes Today
1
Countries of Asia Without Outlines Minefield
2
Find the US States - No Outlines Minefield
3
Pick 6: Fruits
4
Alphabetical 'K' Countries by Flag Minefield
5
The Countries of the World
6
Find the US States
7
US States
8
Find the Countries of Europe - No Outlines Minefield
More Movies Quizzes
'F' Movies by Picture II
Published
Trending Quizzes
Pick 6: Mountains
Pick 6: Harry Potter
Pick 6: Flags
Pick 6: NFL Teams
Pick 6: Movie Franchises
Recently Updated
NWSL Teams
pecheneg
Women's Final Four Teams by Year
bhenderson79
Presidents Quartet II
eogle
Anything But Clue(do)
eogle
Anything But Oceanian Capitals
eogle
Anything But 7
eogle
Anything But Thing
eogle
Word Ladder: February 29
pecheneg
Song Title Questions
pecheneg
Women's NCAA Tournament #1 Seeds
pecheneg
Trending Topics
Disney
Marvel
NBA
Anime
Crossword
Kpop
Harry Potter
NFL
Soccer
Pokémon
WWE
Country
Puzzle
Song
The Office
Your Account Isn't Verified!
In order to create a playlist on Sporcle, you need to verify the email address you used during registration. Go to your
Sporcle Settings
to finish the process.
Report this User
Report this user for behavior that violates our
Community Guidelines
.
Details:
Send Report
Go to the Sporcle.com Mobile Site →
Comments